ĐôÌ£ng vâÌ£t hoÌ£c không xương sống Giáo triÌ€nh duÌ€ng cho trươÌ€ng ĐaÌ£i hoÌ£c Sư phaÌ£m

TriÌ€nh baÌ€y các đăÌ£c điểm sinh lí, phát triển, sinh sản của các phân ngaÌ€nh, phân lớp của đôÌ£ng vâÌ£t không xương sống

Enregistré dans:
Détails bibliographiques
Auteur principal: Thái, TrâÌ€n Bái
Format: Livre
Langue:Undetermined
Publié: H. Giáo duÌ£c 2009
Sujets:
Accès en ligne:http://lrc.tdmu.edu.vn/opac/search/detail.asp?aID=2&ID=7581
Tags: Ajouter un tag
Pas de tags, Soyez le premier à ajouter un tag!
Thư viện lưu trữ: Trung tâm Học liệu Trường Đại học Thủ Dầu Một
LEADER 01103nam a2200217Ia 4500
001 TDMU_7581
008 210410s9999 xx 000 0 und d
082 |a 592.1 
090 |b TH112 
100 |a Thái, TrâÌ€n Bái 
245 0 |a ĐôÌ£ng vâÌ£t hoÌ£c không xương sống 
245 0 |b Giáo triÌ€nh duÌ€ng cho trươÌ€ng ĐaÌ£i hoÌ£c Sư phaÌ£m 
245 0 |c GS. TSKH. Thái TrâÌ€n Bái 
260 |a H. 
260 |b Giáo duÌ£c 
260 |c 2009 
300 |a 379tr. 
520 |a TriÌ€nh baÌ€y các đăÌ£c điểm sinh lí, phát triển, sinh sản của các phân ngaÌ€nh, phân lớp của đôÌ£ng vâÌ£t không xương sống 
650 |a Đông vâÌ£t không xương sống; ĐôÌ£ng vâÌ£t; ĐôÌ£ng vâÌ£t hoÌ£c; Không xương sống 
856 |u http://lrc.tdmu.edu.vn/opac/search/detail.asp?aID=2&ID=7581 
980 |a Trung tâm Học liệu Trường Đại học Thủ Dầu Một